Measuring up to risk (Record no. 71951)
[ view plain ]
| 000 -LEADER | |
|---|---|
| fixed length control field | 00898cam a2200193 4500 |
| 001 - CONTROL NUMBER | |
| control field | ABS66382 |
| 008 - FIXED-LENGTH DATA ELEMENTS--GENERAL INFORMATION | |
| fixed length control field | 030121n2003 000 0 eng u |
| 035 ## - SYSTEM CONTROL NUMBER | |
| System control number | (Sirsi) u121090 |
| 100 ## - MAIN ENTRY--PERSONAL NAME | |
| Personal name | Beavil, S. |
| 245 ## - TITLE STATEMENT | |
| Title | Measuring up to risk |
| 260 ## - PUBLICATION, DISTRIBUTION, ETC. | |
| Date of publication, distribution, etc. | 2003 |
| 490 ## - SERIES STATEMENT | |
| Series statement | Project |
| Volume/sequential designation | 15(7) December 2002/January 2003, 29(1) |
| 520 ## - SUMMARY, ETC. | |
| Summary, etc. | Overview of the introduction of new qualifications in risk management. The course has been introduced by the Association of Project Managers and asks individuals to demonstrate their knowledge (Level 1) and their capability (Level 2) in risk management to their peers, employers and clients alike. Qualification leads to the award of certificates. Further details are available from APM t +44 (0)845 458 1944 or [email protected]. |
| 590 ## - LOCAL NOTE (RLIN) | |
| Local note | ABS |
| 650 ## - SUBJECT ADDED ENTRY--TOPICAL TERM | |
| Topical term or geographic name entry element | RISK MANAGEMENT |
| 650 ## - SUBJECT ADDED ENTRY--TOPICAL TERM | |
| Topical term or geographic name entry element | QUALIFICATIONS |
| 690 ## - LOCAL SUBJECT ADDED ENTRY--TOPICAL TERM (OCLC, RLIN) | |
| Topical term or geographic name as entry element | Project management |
| 9 (RLIN) | 6261 |
| 942 ## - ADDED ENTRY ELEMENTS (KOHA) | |
| Suppress in OPAC | 0 |
| Withdrawn status | Lost status | Source of classification or shelving scheme | Damaged status | Not for loan | Home library | Current library | Shelving location | Date acquired | Total Checkouts | Full call number | Barcode | Date last seen | Copy number | Price effective from | Koha item type |
|---|---|---|---|---|---|---|---|---|---|---|---|---|---|---|---|
| Dewey Decimal Classification | London | London | Journal article | 21/01/2003 | ABS66382 | 121090-1001 | 06/08/2019 | 1 | 06/08/2019 | Journal article |